000 00870nam a2200241Ia 4500
003 OSt
005 20220923221102.0
006 a|||||r|||| 00| 0
007 ta
008 220922b |||||||| |||| 00| 0 hin d
024 _a194,826
037 _cTextual
040 _aARTS
_cARTS
_bhin
041 _2hin
_ahin
082 _aO152,3M80x, N3
100 _aप्रेमचन्द; झारी, कृष्ण देव, संपा.
_9165023
245 0 _aचालीस श्रेष्ठ कहातियॉ
246 _aChālīs shreṣhṭha kahātiyaॉ
260 _aनई दिल्ली
_b नालन्दा प्रका0
_c1993
300 _a397पृ.
_ccm.
942 _hO152,3M80x, N3
_cTEXL
_2CC
999 _c347089
_d347089